Dreier Paare #2 - Statistiken

Allgemein
  • Dieses Quiz wurde 395 mal gespielt
  • Das Durchschnittsergebnis liegt bei 15 aus 19
Antwortstatistiken
Hint Antwort % Korrekt
Vergangenheit, Gegenwart, Zukunft
99%
Messer, Gabel Löffel
98%
Vorspeise, Hauptgang, Dessert
97%
Gestern, Heute, Morgen
97%
Schere, Stein, Papier
97%
Sonne, Mond, Stern
97%
Geburt, Leben, Tod
96%
USA, Kanada, Mexiko
94%
Länge, Breite, Höhe
93%
Fest, Flüssig, Gasförmig
91%
Zartbitter Schokolade, Weiße Schokolade Vollmilchschokolade
82%
Heiliger Geist, Vater, Sohn
77%
Tequila, Limette Salz
75%
Melchior, Balthasar, Caspar
69%
Sinus, Tangens Kosinus
67%
Fraternité, Egalité Liberté
50%
Cyan, Yellow Magenta
43%
Atlantik, Pazifik Indik
41%
Kevin Jonas, Joe Jonas, Nick Jonas
17%
Keine übereinstimmenden Quizze gefunden
Verteilung der Resultate
Anzahl Personen mit jedem Resultat
Perzentil nach korrekt beantworteten Fragen
Ihre Resultats-Entwicklung
Sie haben dieses Quiz noch nicht gespielt